000 00617nam a2200205 4500
001 117384
003 ES-MaACL
005 20250808002334.0
007 t|
008 071121s1965 sp r ||||1| spa d
100 1 _aPepe, Paul.
_990332
245 1 0 _aPresentación de estadísticas /
_cPaul Pepe, Manuel de Coo.
260 _aMadrid :
_bRialp,
_c1965.
300 _a261 p. ;
_c24 cm.
490 1 _a"La empresa y el hombre`. Serie A ;
_v26
700 1 _aCoo, Manuel de.
_940344
830 0 3 _aLa empresa y el hombre
_v26
_9231650
852 _aES-MaACL
_jC-26604
_bR.55610
999 _c117384
_d117384